01068nam a2200253Ia 4500003000400000005001700004008004100021020001800062040001800080041000800098082002500106100002800131245008800159250001200247260006700259300002900326650006100355650007500416650007300491700002600564942003400590999001900624952017100643OSt20250203114640.0210716s2011 xx 000 0 und d a9789350232613 cAIMIT LIBRARY aeng a006.620288 21bSCOM aScott, Marie L.9197149 aIBM lotus sametime 8 essentials : buser guide /cBy Marie L Scott and Thomas Duff. a1st ed. aMumbai :bShroff Publishers and Distributors Pvt Ltd ,c2011. av,267,9p. ;bPBc22.8 cm aAt the starting line : know your sametime client9197150 aPower chatting : making the most of sametime instant messaging9197151 aGoing mobile installing and using the sametime mobile client9197152 aDuff, Thomas.9197153 2ddccBKe1stk006.620288 SCOM c192795d192795 00102ddc40708MCAaAIMITbAIMITeAthulya Booksg450.00iBill no:ABK 577; Bill dt:2012-10l0o006.620288 SCOMpMCA12303r2025-07-21 00:00:00v351.00w2021-07-16yBK